000 005530000a22001810004500
003 MACL
005 20160603121934.0
008 160603b xxu||||| |||| 00| 0 eng d
040 _aMACL
_cMACL
041 _aHindi
082 _a910 KRI
100 _aकृष्‍णनाथ
_942590
245 _aअरूणाचल यात्रा
_cकृष्‍णनाथ
260 _bवाग्‍देव प्रकाशन
_c2002
_aबीकानेर
350 _a140
650 _aGeography & Travel
_961965
942 _cHIN
_k910
_2ddc
999 _c18427
_d18427